00690nam a2200193 i 450000100060000000300090000600500170001500700030003200800410003508000270007610000340010324501120013726000350024930000220028465000290030685200220033599900170035795201220037429829ES-MaACL20230906154109.0t|030123s1965 sp |||| | spa d a891.69-7"15/19"(082.2)1 aBasáñez, Jesús.914842613aEl humorismo vasco a través de la historia b: (siglo XVI hasta nuestros días) / cJesús Basáñez. aPamplona : bGómez, c[1965] a325 p. ; c22 cm. 4aHumorismo vasco.9148429 aES-MaACLjC-28254 c29829d29829 00104070aATENEOMbATENEOMcDEPO2d2008-01-17eSCl0oC-28254p1030797r2023-02-23 00:00:00w2023-02-23yMONOGRAFIA